| 000 | 00561nam a2200217Ia 4500 | ||
|---|---|---|---|
| 003 | GCL | ||
| 008 | 140319s9999 xx 000 0 eng d | ||
| 040 |
_aGCL / _cGCL |
||
| 082 | 0 | 4 |
_a370.71 _bS B |
| 100 | 1 | _aCRAWLEY, TIM | |
| 245 | 1 | 0 |
_aBECOMING AN EFFECTIVE TEACHER / _cCRAWLEY, TIM |
| 700 | 1 | _aSTEPHENS, PAUL | |
| 260 |
_a[S.N] : _bSTANLEY THORNES (PUBLISHERS) LTD. ، _c1994 |
||
| 300 | _a184 P | ||
| 650 | 0 | 4 | _aTEACHING |
| 650 | 0 | 4 | _aTEACHERS |
| 650 | 0 | 4 | _aEDUCATION |
| 650 | 0 | 4 | _aPROFESSIONAL EDUCATION |
| 650 | 0 | 4 | _aCURRICULUM |
| 942 |
_2ddc _cBK |
||
| 999 |
_c15647 _d15647 |
||